000 00801nam a2200229 4500
001 83941
003 BD-RjUL
005 20240630134922.0
008 240630s2024 bg ||||| |||| 00| 0 eng d
020 _a9789843557223
035 _a(BD-RjUL)83941
040 _aBD-RjUL
_beng
_cBD-RjUL
041 _aben
082 _223
_a598
_bPAP 2024
100 _aপারভীন, সেলিনা
_913406
245 _aপদ্মা নদীর পাখি চরের পাখি /
_cসেলিনা পারভীন
260 _aরাজশাহী :
_bমায়ানীড় প্রকাশনী,
_c২০২৪
300 _a২২৩ পৃ. :
_bচিত্রসমূহ;
_c২২ সেমি.
650 _aপাখি
_913407
650 _aBird
_93702
942 _2ddc
_cBK
999 _c83941
_d83941